| 000 | 00858nam0a22002771 4500 | ||
|---|---|---|---|
| 001 | rc\3157218 | ||
| 005 | 20260406073026.0 | ||
| 021 |
_aRU _bРг11020-76 |
||
| 021 |
_aRU _b76-50851 |
||
| 035 | _a(NLR Aleph) 007300099 | ||
| 090 |
_a5701215 _c5701215 |
||
| 100 | _a20120615d1976 |||y0rusy50 ca | ||
| 101 | 0 | _arus | |
| 102 | _aRU | ||
| 105 | _aa z ||||| | ||
| 200 | 1 |
_aКараван _e[Альбом для раскрашивания _fХудож. В. Дувидов] |
|
| 210 |
_aМосква _cМалыш _d1976 |
||
| 215 |
_a[16 с. _cил.] _d27 |
||
| 700 | 1 |
_8rus _7ca _aСнегирев _bГ. Я. _gГеннадий Яковлевич _f1933-2004 _3RU\NLR\AUTH\7731144 _914155 |
|
| 702 | 1 |
_aДувидов _bВ. _4440 |
|
| 801 | 0 |
_aRU _bNLR _gpsbo |
|
| 801 | 1 |
_aRU _bELAR _2rusmarc |
|
| 852 |
_aNLR _j76-8/1170 |
||
| 942 | _cBOOK | ||
| 980 | _aNB | ||